Vista normal Vista MARC

Entrada Topical Term

Número de registros utilizados en: 1

001 - CONTROL NUMBER

  • control field: 42313

003 - CONTROL NUMBER IDENTIFIER

  • control field: OSt

005 - DATE AND TIME OF LATEST TRANSACTION

  • control field: 20220822164414.0

008 - FIXED-LENGTH DATA ELEMENTS

  • fixed length control field: 220822|| aca||aabn | a|a d

040 ## - CATALOGING SOURCE

  • Original cataloging agency: OSt
  • Transcribing agency: OSt

150 ## - HEADING--TOPICAL TERM

  • Topical term or geographic name entry element: Partes del cuerpo

670 ## - SOURCE DATA FOUND

  • Source citation: Work cat.: (OSt)29729: Rübel, Doris, autor 42307, Este soy yo y ese eres tú /, 2013.